14 éléments chimiques représentés par une seule lettre - Statistiques

Statistiques générales
  • Ce quiz a été pris 302 fois
  • Le résultat moyen est 7 sur 14
Answers on the Grid
Answers color-coded by a green-red scale on the quiz's grid according to % correct below.
A
B
C
D
E
F
G
H
I
J
K
L
M
N
O
P
Q
R
S
T
U
V
W
X
Y
Z
 
Statistiques - réponses
Réponse % Correct
C
82%
K
67%
O
67%
N
61%
F
60%
H
58%
B
55%
I
53%
S
50%
P
49%
U
48%
W
34%
V
27%
Y
26%
Aucun quiz correspondant
Distribution des résultats
% des personnes avec chaque résultat
Percentile par nombre de réponses
Votre historique - résultats
Vous n’avez pas pris ce quiz